=LDR 00000nam 2200000 4500 =001 INLIS000000000020298 =005 20130612115248 =008 ***********************************Ind** =035 ##$$0010-061300000020298 =041 ##$$a Ind =082 ##$$a 615.882 =090 ##$$a 615.882, Uta t =100 ##$$a Utami, Prapti =245 ##$$a Terapi jus untukrematik dan asam urat, oleh dr. Prapti Utami =260 ##$$a 2004 $b Jakarta =300 ##$$a viii, 52 hlm, 23 cm =650 ##$$a Obat tradisional =850 ##$$a NBPNMAT